<?xml version="1.0" encoding="UTF-8"?>
<record
    xmlns:xsi="http://www.w3.org/2001/XMLSchema-instance"
    xsi:schemaLocation="http://www.loc.gov/MARC21/slim http://www.loc.gov/standards/marcxml/schema/MARC21slim.xsd"
    xmlns="http://www.loc.gov/MARC21/slim">

  <leader>02313nam a2200301 a 4500</leader>
  <controlfield tag="001">000032629</controlfield>
  <controlfield tag="003">DO-SdBNP</controlfield>
  <controlfield tag="005">20250618133408.0</controlfield>
  <controlfield tag="008">090706s20uu    dr a          000 0 spa d</controlfield>
  <datafield tag="040" ind1=" " ind2=" ">
    <subfield code="a">DO-SdBNP</subfield>
    <subfield code="b">spa</subfield>
    <subfield code="c">BNPHU</subfield>
  </datafield>
  <datafield tag="082" ind1=" " ind2=" ">
    <subfield code="a">972.93</subfield>
    <subfield code="b">D542f</subfield>
  </datafield>
  <datafield tag="100" ind1="1" ind2=" ">
    <subfield code="a">D&#xED;az, Nelson Enr&#xED;que,</subfield>
    <subfield code="d">1950-</subfield>
    <subfield code="9">9646</subfield>
  </datafield>
  <datafield tag="245" ind1="1" ind2="0">
    <subfield code="a">Fundamentos de la historia social dominicana /</subfield>
    <subfield code="c">Nelson Enr&#xED;quez D&#xED;az, Silverio Gonz&#xE1;lez.</subfield>
  </datafield>
  <datafield tag="260" ind1=" " ind2=" ">
    <subfield code="a">Santo Domingo :</subfield>
    <subfield code="b">[s.n.],</subfield>
    <subfield code="c">[200?].</subfield>
  </datafield>
  <datafield tag="300" ind1=" " ind2=" ">
    <subfield code="a">464 p. : ;</subfield>
    <subfield code="c">21 cm.</subfield>
  </datafield>
  <datafield tag="500" ind1=" " ind2=" ">
    <subfield code="a">Incluye ejercicios al final de los cap&#xED;tulos.</subfield>
  </datafield>
  <datafield tag="504" ind1=" " ind2=" ">
    <subfield code="a">Incluye referencias bibliogr&#xE1;ficas y notas al pie de las p&#xE1;ginas.</subfield>
  </datafield>
  <datafield tag="505" ind1="0" ind2=" ">
    <subfield code="g">Prefacio --</subfield>
    <subfield code="t">La ciencia de la historia ;</subfield>
    <subfield code="t">Antecedentes y contactos europeos ;</subfield>
    <subfield code="t">La sociedad ta&#xED;na ;</subfield>
    <subfield code="t">Los sistemas de colonizaci&#xF3;n en los siglos XV, XVI, XVII ;</subfield>
    <subfield code="t">Las dos colonias de la isla de Santo Domingo en el siglo XVIII ;</subfield>
    <subfield code="t">Surgimiento de la conciencia nacional: de la ocupaci&#xF3;n francesa a la crisis de la dominaci&#xF3;n pol&#xED;tica espa&#xF1;ola (1804-1821) ;</subfield>
    <subfield code="t">Unificaci&#xF3;n pol&#xED;tica con Hait&#xED; y separaci&#xF3;n (1822-1844) ;</subfield>
    <subfield code="t">Formaci&#xF3;n del Estado y proyectos de clases: Anexionismo y nacionalismo (1844-1861) ;</subfield>
    <subfield code="t">La Anexi&#xF3;n a Espa&#xF1;a y Guerra Resturadora ;</subfield>
    <subfield code="t">Crisis econ&#xF3;mica, reestructuraci&#xF3;n de la sociedad dominicana y el surgimiento de la industria azucarera dominicana ;</subfield>
    <subfield code="t">Bases de la estructuraci&#xF3;n del Estado oligarqu&#xED;co. Dictadura de Ulises Heureaux. Desarrollo del capitalismo dependiente ;</subfield>
    <subfield code="t">Caudillismo, crisis pol&#xED;tica y expansi&#xF3;n imperialista (1900-1916) ;</subfield>
    <subfield code="t">Primera Ocupaci&#xF3;n Militar Norteamericana y sus consecuencias ;</subfield>
    <subfield code="t">Tiran&#xED;a de Trujillo y desarrollo del capitalista (1930-1961) ;</subfield>
    <subfield code="t">Segunda Ocupaci&#xF3;n Militar Norteamericana. Modelo de desarrollo capitalista dependiente (1961-1984) --</subfield>
    <subfield code="g">Bibliograf&#xED;a.</subfield>
  </datafield>
  <datafield tag="650" ind1=" " ind2="4">
    <subfield code="a">Ciencias sociales e historia</subfield>
    <subfield code="x">Estudio y ense&#xF1;anza</subfield>
    <subfield code="9">38860</subfield>
  </datafield>
  <datafield tag="651" ind1=" " ind2="4">
    <subfield code="a">Rep&#xFA;blica Dominicana</subfield>
    <subfield code="x">Historia</subfield>
    <subfield code="x">Estudio Y Ense&#xF1;anza</subfield>
    <subfield code="9">9647</subfield>
  </datafield>
  <datafield tag="651" ind1=" " ind2="4">
    <subfield code="a">Historia Social</subfield>
    <subfield code="9">38859</subfield>
  </datafield>
  <datafield tag="651" ind1=" " ind2="4">
    <subfield code="a">Rep&#xFA;blica Dominicana</subfield>
    <subfield code="x">Historia</subfield>
    <subfield code="y">1809-1822</subfield>
    <subfield code="9">577</subfield>
  </datafield>
  <datafield tag="651" ind1=" " ind2="4">
    <subfield code="a">Rep&#xFA;blica Dominicana</subfield>
    <subfield code="x">Historia</subfield>
    <subfield code="y">Ocupaci&#xF3;n haitiana, 1822-1844 </subfield>
    <subfield code="9">7666</subfield>
  </datafield>
  <datafield tag="651" ind1=" " ind2="0">
    <subfield code="a">Rep&#xFA;blica Dominicana --</subfield>
    <subfield code="x">Historia --</subfield>
    <subfield code="y">1844-1930</subfield>
    <subfield code="9">1009</subfield>
  </datafield>
  <datafield tag="700" ind1="1" ind2=" ">
    <subfield code="a">Gonz&#xE1;lez, Silverio,</subfield>
    <subfield code="d">1957-</subfield>
    <subfield code="9">9649</subfield>
  </datafield>
  <datafield tag="910" ind1=" " ind2=" ">
    <subfield code="a">Validado. Control de calidad BNPHU</subfield>
  </datafield>
  <datafield tag="942" ind1=" " ind2=" ">
    <subfield code="2">ddc</subfield>
    <subfield code="c">LBS1</subfield>
  </datafield>
  <datafield tag="952" ind1=" " ind2=" ">
    <subfield code="0">0</subfield>
    <subfield code="1">0</subfield>
    <subfield code="7">1</subfield>
    <subfield code="8">PD</subfield>
    <subfield code="a">PD</subfield>
    <subfield code="b">PD</subfield>
    <subfield code="c">HD</subfield>
    <subfield code="d">2011-09-21</subfield>
    <subfield code="i">LF1</subfield>
    <subfield code="l">0</subfield>
    <subfield code="o">972.93 D542f</subfield>
    <subfield code="p">32629-10</subfield>
    <subfield code="r">2020-06-25</subfield>
    <subfield code="w">2020-06-25</subfield>
    <subfield code="y">LFPD</subfield>
    <subfield code="Z">No se presta</subfield>
  </datafield>
  <datafield tag="999" ind1=" " ind2=" ">
    <subfield code="c">32120</subfield>
    <subfield code="d">32120</subfield>
  </datafield>
</record>
